000 00547nam a2200229Ia 4500
003 OSt
005 20220918200951.0
006 a|||||r|||| 00| 0
007 ta
008 220917b |||||||| |||| 00| 0 eng d
024 _a91,028
037 _cTextual
040 _aARTS
_cARTS
_beng
041 _2eng
_aeng
082 _aVwL37, J3
100 _aJoyce Michael
_953092
245 0 _aEdward Gibbon
260 _c1953
490 _aMen and books; 8
942 _hVwL37, J3
_cTEXL
_2CC
999 _c214688
_d214688